000 00331nam a2200133Ia 4500
005 20260328101521.0
008 260328s9999||||xx |||||||||||||| ||und||
100 _aOpsvik, Peter
245 0 _aRethinking sitting /
_cPeter Opsvik
260 _bW.W. Norton & Company
300 _a206 p.
650 _aDISEÑO INDUSTRIAL
942 _cBK
999 _c9579
_d9579